Notas sobre as casas de fazenda dos Inhamuns / (Record no. 1259)

MARC details
000 -LÍDER
Campo Fixo de Controle 00761nam a2200241 a 4500
001 - NÚMERO DE CONTROLE
Campo de Controle 1259
003 - IDENTIFICAÇÃO DO NÚMERO DE CONTROLE
Campo de Controle BR-CuiBMT
005 - DATA E HORA DA ÚLTIMA ATUALIZAÇÃO
Campo de Controle 20231205193608.0
008 - DADOS FIXOS
Dados Fixos 231202s2012 dtba 000 0 por d
040 ## - AGÊNCIA CATALOGADORA
Código da Agência Catalogadora BR-CuiBMT
Agência que transcreveu o registro BR-CuiBMT
080 ## - Nº DA CLASSIFICAÇÃO DECIMAL UNIVERSAL
Nº edição CDU 2007
Nº Class. CDU 911.37
090 ## - NÚMERO DE CHAMADA
Nº classificação 911.37
Cutter B574n
100 1# - ENTRADA PRINCIPAL -- AUTOR PESSOAL
Nome pessoal Bezerra, Maria do Carmo de Lima
245 10 - TÍTULO PRINCIPAL
Título principal Notas sobre as casas de fazenda dos Inhamuns /
Indicação de responsabilidade Maria do Carmo de Lima Bezerra.
260 ## - PUBLICAÇÃO, DISTRIBUIÇÃO, ETC.
Local de publicação Brasília :
Editora Senado Federal,
Data 2012.
300 ## - DESCRIÇÃO FÍSICA
N. páginas ou volumes 112 p. :
Ilustrações il. ;
Dimensões 23 cm
490 1# - INDICAÇÃO DE SÉRIE
Título da série Edições do Senado Federal ;
Volume/designação sequencial da série v. 185
504 ## - NOTA DE BIBLIOGRAFIA, ETC.
Nota de bibliografia Inclui bibliografia.
650 ## - ASSUNTO TÓPICO
Cabeçalho tópico ou nome geográfico Povoamento
Subdivisão de forma história
Subdivisão geográfica Ceará
650 ## - ASSUNTO TÓPICO
Cabeçalho tópico ou nome geográfico Fazenda
Subdivisão de forma história
Subdivisão geográfica Ceará
830 #0 - ENTRADA SECUNDÁRIA DE SÉRIE -- TÍTULO UNIFORME
Título uniforme Edições do Senado Federal ;
Nº do volume/designação sequencial da série 185
942 ## - ELEMENTOS DE ENTRADA ADICIONAIS (KOHA)
Fonte de classificação ou esquema de arquivamento Classificação Decimal Universal
Tipo de item do Koha Livros
Holdings
Estado: removido Estado: perdido Fonte de classificação ou esquema de arquivamento Estado: danificado Indisponível para empréstimo Localização permanente Localização atual Data de aquisição Total Checkouts Número de Chamada completo Código de barras Date last seen Número do exemplar Preço efetivo a partir de Tipo de item (Koha)
    Classificação Decimal Universal     Biblioteca da Escola Superior de Contas do TCE/MT Biblioteca da Escola Superior de Contas do TCE/MT 02/12/2023   911.37 B574n BIBTCEMT23120068 02/12/2023 Ex. 1 02/12/2023 Livros

Powered by Koha